| 000 | 01760nam0a2200337 4500 | ||
|---|---|---|---|
| 001 | RU\NLR\BIBL_A\022591339 | ||
| 005 | 20260420051319.0 | ||
| 010 |
_a978-5-6052121-9-5 _9100 |
||
| 021 |
_aRU _bКН-П-25-033094 _9КН-П-25-3267 |
||
| 035 | _a(NLR Aleph) 022591339 | ||
| 090 |
_a13679458 _c13679458 |
||
| 100 | _a20250725d2024 u y0rusy50 ca | ||
| 101 | 0 | _arus | |
| 102 | _aRU | ||
| 105 | _aa|||j|||000yy | ||
| 181 | 0 |
_ai3 _baxxe |
|
| 182 | 0 | _an | |
| 200 | 1 |
_aРусский язык в профессиональной деятельности _eучебное пособие для студентов-нефилологов _fО. А. Лукашина, Т. А. Чихачева _gФГБОУ ВО "Тульский государственный педагогический университет им. Л. Н. Толстого" [и др.] |
|
| 203 |
_aТекст _bвизуальный _cнепосредственный |
||
| 210 |
_aТула _cИПК и ППРО ТО _cБелоконь Дмитрий Николаевич _d2024 |
||
| 215 |
_a93, [1] с. _cцв. ил., табл. _d21 |
||
| 300 | _aВ вып. дан. 2-й авт.: Чихачева Т. А., канд. пед. наук | ||
| 320 | _aБиблиогр.: с. 81 (6 назв.) и в тексте | ||
| 606 | 1 |
_aРусский язык _jУчебные издания для высших учебных заведений _xСтилистика _91563135 _3RU\NLR\AUTH\66984157 |
|
| 686 | 1 | _aШ141.12-923-70 | |
| 700 | 1 |
_aЛукашина _bО. А. _gОльга Александровна |
|
| 701 | 1 |
_aЧихачева _bТ. А. _gТамара Александровна |
|
| 942 | _cBOOK | ||
| 980 | _aNB | ||